Statistics for All Type Specialists in Pokémon

Click here to take the quiz!

General Stats

  • This quiz has been taken 80 times
    (29 since last reset)
  • The average score is 98 of 145

Answer Stats

TypeAnswer% Correct
RockBrock
94%
NormalLenora
94%
WaterMisty
94%
NormalNorman
94%
NormalWhitney
94%
GhostAgatha
88%
FireBlaine
88%
FightingBrawly
88%
FightingBruno
88%
BugBugsy
88%
BugBurgh
88%
NormalCheren
88%
FightingChuck
88%
FlyingFalkner
88%
WaterJuan
88%
PoisonKoga
88%
ElectricLt. Surge
88%
FightingMarshal
88%
GhostMorty
88%
GhostPhoebe
88%
IcePryce
88%
RockRoark
88%
RockRoxanne
88%
GhostShauntal
88%
ElectricVolkner
88%
WaterWallace
88%
BugAaron
82%
GroundBertha
82%
IceBrycen
82%
SteelByron
82%
IceCandice
82%
FireChili
82%
GrassCilan
82%
GroundClay
82%
WaterCrasher Wake
82%
WaterCress
82%
FightingEri
82%
GhostFantina
82%
FireFlannery
82%
FireFlint
82%
GrassGardenia
82%
GroundGiovanni
82%
IceGlacia
82%
PoisonJanine
82%
DarkKaren
82%
DragonLance
82%
PsychicLiza
82%
FightingMaylene
82%
PsychicOlympia
82%
PoisonRoxie
82%
PsychicSabrina
82%
SteelSteven
82%
PsychicTate
82%
ElectricWattson
82%
PsychicWill
82%
FlyingWinona
82%
PsychicCaitlin
76%
DragonClair
76%
ElectricClemont
76%
DragonDrake
76%
DragonDrasna
76%
DragonDrayden
76%
ElectricElesa
76%
GrassErika
76%
DarkGrimsley
76%
DragonIris
76%
SteelJasmine
76%
FightingKorrina
76%
Flying | NormalLarry
76%
IceLorelei
76%
PsychicLucian
76%
FireMalva
76%
WaterMarlon
76%
GrassRamos
76%
FlyingSkyla
76%
BugViola
76%
IceWulfric
76%
FightingBea
71%
RockGrant
71%
NormalIlima
71%
WaterSiebold
71%
SteelWikstrom
71%
GhostAllister
65%
BugGuzma
65%
FightingHala
65%
GroundHapu
65%
ElectricIono
65%
FireKabu
65%
FireKiawe
65%
GrassMilo
65%
RockOlivia
65%
DarkSidney
65%
FairyValerie
65%
GhostAcerola
59%
FairyBede
59%
RockGordie
59%
WaterLana
59%
GrassMallow
59%
DarkMarnie
59%
SteelMolayne
59%
WaterNessa
59%
FairyOpal
59%
DarkPiers
59%
PoisonPlumeria
59%
DragonRaihan
59%
ElectricSophocles
59%
GrassBrassius
53%
FlyingKahili
53%
BugKaty
53%
IceMelony
53%
DarkNanu
53%
SteelPoppy
53%
SteelRose
53%
PsychicAvery
47%
SteelColress
47%
IceGrusha
47%
PoisonKlara
47%
WaterKofu
47%
FairyMina
47%
FightingMustard
47%
SteelPeony
47%
GhostRyme
47%
PsychicTulip
47%
PoisonAtticus
41%
FireCrispin
41%
DragonDrayton
41%
PsychicFaba
41%
FireMela
41%
GroundRika
41%
DarkGiacomo
35%
DragonHassel
35%
FairyLacey
35%
FairyOrtega
35%
DragonRyuki
35%
SteelAmarys
29%
FightingDendra
29%
PsychicDexio
29%
FairyLillie
29%
PoisonMelli
29%
IceSina
29%
RockTyme
29%
DragonZinnia
24%
IceZinzolin
24%
IceGaeric
18%

Score Distribution

Percentile by Number Answered

Percent of People with Each Score

Your Score History

You have not taken this quiz since the last reset